000 00738nam a22002537a 4500
001 BR8702428
003 BR-BrBNA
005 20230928092501.0
007 ta
008 230509b bl.||||| |||| 00| 0 por d
040 _aBR-BrBNA
_bpor
_cBiblioteca Nacional de Agricultura
041 _a(Por)
072 _aF01
_b0430
_b/G514
090 _ 0430 BR8702428
110 1 _aAssociacao Nordestina de Credito e Assistencia Rural da Paraiba, Joao Pessoa (Brasil)
_9691
245 1 _aPlante certo e ganhe mais dinheiro; algodao moco
260 3 _aJoao Pessoa, PB (Brasil):
_c1974.
300 _a15 p.
650 _aPRODUCAO VEGETAL
650 _aALGODAO MOCO
650 _aPARAIBA
909 _a202309
_bLucia
_c55
_dLucia Elande
942 _cBK
999 _c39343
_d39343